02659nam a2200541Ia 45000010005000000080041000050100009000460410014000550820014000692450199000832600031002823000008003135200006003216300016003276300026003436300028003696500020003976900014004177000028004317000041004597000040005009010090005409020006006309030036006369040018006729050025006909060006007159070014007219080014007359090051007499100015008009110010008159120014008259130009008399140023008489150019008719160009008909170009008999180014009089190024009225201112009469210007020589220007020659230006020729240014020789420010020929990015021021348241029s9999 xx 000 0 und d a1253 aEspañol aNO APLICA 0aUso de los recursos didácticos en la enseñanza en los estudiantes de la Carrera de Educación, mención Ciencias Sociales del Centro Universitario Regional de Nagua, CURNA, semestre 2007-1 aMaría Trinidad Sánchez a127 a7 aEnseñanza aRecursos Didácticos aRecursos Tecnológicos aCalidad Docente aElaborado easesoraBello, Filomena eautoraAmparo Hernández, Alejandro eautoraNúñez Hilton, Luz Elena  a{"1":"Amparo Hernández","2":"Núñez Hilton"}b{"1":"Alejandro","2":"Luz Elena "} a1 a{"1":"Bello"}b{"1":"Filomena"} aMaestría en aEnseñanza Superior a2 aNO APLICA aNO APLICA aUniversidad Autónoma de Santo Domingo (UASD) aNULLbNULL a["1"] aNO APLICA aNULL a01 de Mayo de 2008 a17/09/14 10:09 aNULL aNULL aNO APLICA a["202","175","218"] aEl propósito de esta investigación es describir el uso de los recursos didácticos en la enseñanza en los estudiantes de la carrera de Educación mención Ciencias Sociales, del Centro Universitario Regional de Nagua (CURNA), año 2007-1.El estudio emplea una metodología mixta y concluye que:En cuanto a si la Escuela de Pedagogía de Ciencias Sociales brindan apoyo a los docentes, se observa que en un porcentaje muy significativo en cuanto a libros, pero en los demás recursos didácticos es muy limitado.Los docentes dan mucha importancia a los recursos didácticos que le ofrece el Centro Regional de Nagua (CURNA) a la labor educativa y a su esfuerzo por adquirir otros para una mejor enseñanza.La existencia de recursos tecnológicos es deficiente en el CURNA.De acuerdo a los estudiantes el uso de los recursos por los docentes es buena.Se recomendó a las autoridades universitarias que le brinden apoyo a la facultad de humanidades para contar con los recursos necesarios y poder instalar el centro de recursos didácticos en el Centro Universitario Regional de Nagua CURNA. a28 a28 a0 aNO APLICA cTesis c1253d1253